Statistics for One Wolverhampton Wanderers Player by Nation

Click here to take the quiz!

General Stats

  • This quiz has been taken 307 times
    (8 since last reset)
  • The average score is 9 of 12

Answer Stats

NationPlayer% Correct
PortugalJoão Moutinho | Rui Patrício | Rúben Neves | +16 others
100%
SpainJonny Castro | Adama Traoré | Hugo Bueno | +3 others
100%
BelgiumLeander Dendoncker | Jelle Van Damme | Geoffrey Mujangi Bia
100%
BrazilFernando Marçal | Willian José | Matheus Cunha | +2 others
88%
EnglandMatt Jarvis | Sylvan Ebanks-Blake | Jody Craddock | +33 others
88%
MoroccoRomain Saïss | Hassan Kachloul
88%
IrelandStephen Ward | Kevin Doyle | Matt Doherty | +12 others
88%
AlgeriaRayan Aït Nouri | Adlène Guedioura
75%
ScotlandChristophe Berra | Steven Fletcher | Alex Rae | +3 others
63%
CameroonGeorge Elokobi | Sébastien Bassong
38%
WalesWayne Hennessey | David Edwards | Paul Jones | +3 others
38%
FranceRonald Zubar | Jean-Ricner Bellegarde
25%

Score Distribution

Percentile by Number Answered

Percent of People with Each Score

Your Score History

You have not taken this quiz since the last reset